Open Data Biblioteca Nacional de Portugal


República Portuguesa: Ministério da Cultura
Biblioteca Nacional de Portugal

Catálogo da BNP: acesso por Identificadores Unívocos
Registos Bibliográficos associados ao registo de autoridade

Etiqueta de registo: 00254nam 2200025 450
001 2111972
003 http://id.bnportugal.gov.pt/bib/catbnp/2111972
010 ## $a978-989-9068-46-9
021 ## $aPT$b501217/22
100 ## $a20221007d2022 d y0pory01030103ba
101 0# $apor
102 ## $aPT
105 ## $aa z 000fy
106 ## $ar
200 1# $aLais$fVânia Moreno$gil. Marta Sequeira
205 ## $a1ª ed
210 #9 $a[S.l.]$cAlfarroba,$d2022
215 ## $a27 [3] p.$cil.$d21 cm
225 2# $aInfanto-juvenil
675 ## $a087.5$vBN$zpor$3287999
675 ## $a821.134.3-93"20"$vBN$zpor$31046482
675 ## $a821.134.3-34"20"$vBN$zpor$31018838
700 #1 $aMoreno,$bVânia,$f1979-$31860623
702 #1 $aSequeira,$bMarta,$f1976-$4440$31860625
801 #0 $aPT$bBN$gRPC
856 41 $uhttp://rnod.bnportugal.gov.pt/ImagesBN/winlibimg.aspx?skey=&doc=2111972&img=170309&save=true
900 ## $aBIBNAC$d20221212
966 ## $lBN$mFGMON$sP. 61248 V.$x1
966 ## $lBN$mFGMON$sP. 61248 V.-D$x1
971 ## $corlando$d20221007
972 ## $e0$z0$d20221212$vasantos
973 ## $cigoulao$d20221010
974 ## $d20221012$e0$vaalmeid

Etiqueta de registo: 00254nam 2200025 450
001 2154019
003 http://id.bnportugal.gov.pt/bib/catbnp/2154019
010 ## $a978-989-53828-6-6
021 ## $aPT$b511927/23
100 ## $a20240124d2023 cd y0pory01030103ba
101 0# $apor
102 ## $aPT
105 ## $aa z 000fy
106 ## $ar
200 1# $aLuzinha$fClaudina Brito$gil. Marta Sequeira
205 ## $a1ª ed
210 #9 $aLisboa$cQuadrinhos,$d2023
215 ## $a41, [5] p.$cil.$d22 cm
675 ## $a087.5$vBN$zpor$3287999
675 ## $a821.134.3-93"20"$vBN$zpor$31046482
700 #1 $aBrito,$bClaudina,$f1964-$31462272
702 #1 $aSequeira,$bMarta,$f1976-$4440$31860625
801 #0 $aPT$bBN$gRPC
856 41 $uhttp://rnod.bnportugal.gov.pt/ImagesBN/winlibimg.aspx?skey=&doc=2154019&img=188266&save=true
900 ## $aBIBNAC$d20240227
966 ## $lBN$mFGMON$sP. 65222 V.$x1
966 ## $lBN$mFGMON$sP. 65222 V.-D$x1
971 ## $cssilva$d20240124
972 ## $e0$z0$d20240227$vmsebas
973 ## $canasil$d20240125

Etiqueta de registo: 00254nam 2200025 450
001 2200590
003 http://id.bnportugal.gov.pt/bib/catbnp/2200590
010 ## $a978-989-35348-3-0
021 ## $aPT$b529135/24
100 ## $a20241219d2024 cd y0pory01030103ba
101 0# $apor
102 ## $aPT
105 ## $aa z 000fy
106 ## $ar
200 1# $aDiniz, caçador de sonhos$fClaudina Brito$gil. Marta Sequeira
205 ## $a1ª ed
210 #9 $aLisboa$cQuadrinhos,$d2024
215 ## $a29, [3] p.$cil.$d22 cm
675 ## $a087.5$vBN$zpor$3287999
675 ## $a821.134.3-93"20"$vBN$zpor$31046482
700 #1 $aBrito,$bClaudina,$f1964-$31462272
701 #1 $aSequeira,$bMarta,$f1976-$4440$31860625
801 #0 $aPT$bBN$gRPC
856 41 $uhttp://rnod.bnportugal.gov.pt/ImagesBN/winlibimg.aspx?skey=&doc=2200590&img=203056&save=true
900 ## $aBIBNAC$d20250114
966 ## $lBN$mFGMON$sP. 68553 V.$x1
966 ## $lBN$mFGMON$sP. 68553 V.-D$x1
971 ## $ccsilva$d20241219
972 ## $e0$z0$d20250114$viquintas
973 ## $cigoulao$d20241230

Etiqueta de registo: 00254nam 2200025 450
001 2228988
003 http://id.bnportugal.gov.pt/bib/catbnp/2228988
010 ## $a978-989-33-8308-7
021 ## $aPT$b552577/25
100 ## $a20251017d2025 c y0pory01030103ba
101 0# $apor
102 ## $aPT
105 ## $aa z 000fy
106 ## $ar
200 1# $aAninhas e Joãozinho$e uma história para colorir$fClaudina Brito$gil. Marta Sequeira
210 #9 $a[S.l.]$cSolíd-Story$dD.L. 2025
215 ## $a[24] p.$cil.$d21 cm
675 ## $a087.5$vBN$zpor$3287999
675 ## $a821.134.3-93"19/20!"$vBN$zpor$31970968
700 #1 $aBrito,$bClaudina,$f1964-$31462272
701 #1 $aSequeira,$bMarta,$f1976-$4440$31860625
801 #0 $aPT$bBN$gRPC
856 41 $uhttp://rnod.bnportugal.gov.pt/ImagesBN/winlibimg.aspx?skey=&doc=2228988&img=214444&save=true
900 ## $aBIBNAC$d20251111
966 ## $lBN$mFGMON$sP. 71140 V.$x1
966 ## $lBN$mFGMON$sP. 71140 V.-D$x1
971 ## $cisantos$d20251017
973 ## $caalmeid$d20251103
975 ## $e0$d20251111$viquintas

OpendataBNP@bnportugal.pt | Mais informação sobre acesso aos dados BNP